Paroles - La groupie du pianiste - Michel Berger - Statistiques

Statistiques générales
  • Ce quiz a été pris 199 fois
    122 depuis la dernière actualisation
  • Le résultat moyen est 258 sur 307
Statistiques - réponses
Réponse % Correct
Elle
99%
elle
99%
À
98%
a
98%
à
98%
La
98%
la
98%
98%
du
97%
groupie
97%
pianiste
97%
de
94%
pas
94%
ses
93%
c'est
92%
comme
92%
l'aime
92%
Le
92%
le
92%
que
92%
sa
92%
Et
91%
et
91%
fou
91%
l'adore
91%
tout
91%
Tout
91%
en
90%
En
90%
passe
90%
beau
89%
chose
89%
dans
89%
grand
89%
son
89%
nuits
87%
bel
85%
draps
85%
entre
85%
roses
85%
sans
85%
seule
85%
soir
85%
sur
85%
vie
85%
avenir
84%
plus
84%
dormir
83%
l'air
83%
lit
83%
toute
83%
Pour
82%
pour
82%
un
82%
geste
80%
tendre
80%
des
79%
qu'elle
79%
fout
78%
rêve
78%
l'attendre
76%
reste
76%
terre
76%
égoïste
75%
mot
75%
Amoureuse
74%
d'un
74%
gâcher
74%
pu
74%
triste
74%
aurait
72%
bien
72%
part
72%
d'artiste
71%
désirs
71%
faire
71%
enfer
70%
même
70%
suivrait
70%
d'être
69%
jusqu'en
69%
l'enfer
69%
Qu'est-ce
69%
rêver
69%
cette
68%
Dieu
68%
fille
68%
pense
68%
Il
67%
y
67%
côté
66%
Mais
66%
est
64%
qu'il
64%
rien
64%
va
64%
joue
63%
clavier
62%
dire
62%
droits
62%
les
62%
lui
62%
mains
62%
rêvant
61%
rester
60%
l'écouter
59%
l'emmener
59%
Pendant
59%
sourire
59%
met
57%
Quand
57%
concert
55%
terminé
55%
délires
54%
Passer
54%
sait
54%
coulisses
53%
oublier
49%
prend
49%
musique
48%
risques
48%
simplement
48%
existe
47%
comprendre
38%
l'hotel
29%
Devant
25%
Aucun quiz correspondant
Distribution des résultats
% des personnes avec chaque résultat
Percentile par nombre de réponses
Votre historique - résultats
Vous n’avez pas pris ce quiz depuis la dernière actualisation